| 000 | 00716nam a2200193 a 4500 | ||
|---|---|---|---|
| 003 | 0 | ||
| 005 | 20250213113333.0 | ||
| 008 | 130128s19uu xx 00 eng d | ||
| 050 |
_aPHS LB 1060.S63 _b.K49 2012 |
||
| 100 | _aKim, Ha Young. | ||
| 245 |
_aSocial skills of SISC full INNOVE students and pull-out INNOVE students / _cKim Ha Young. |
||
| 260 |
_aLas PiƱas City, Philippines : _bSouthville International School and Colleges, _c2012. |
||
| 300 |
_a34 pages : _billustrations ; _c28 cm. |
||
| 504 | _aIncludes bibliographical references. | ||
| 650 |
_aSocial skills _xStudy and teaching. |
||
| 650 |
_aSpecial education _xSocial integration. |
||
| 650 | _aPull-out programs in education. | ||
| 942 |
_2lcc _cPASS |
||
| 999 |
_c98865 _d98865 |
||